Procesos y técnicas de construcción

Salvato in:
Dettagli Bibliografici
Autori principali: Solminihac Tampier, Hernán de (Autore), Thenoux Z., Guillermo (Autore)
Natura: Libro
Lingua:spagnolo
Pubblicazione: Santiago Universidad Católica de Chile 2005
Edizione:4a. ed
Serie:Lecciones
Soggetti:
Tags: Aggiungi Tag
Nessun Tag, puoi essere il primo ad aggiungerne!!

MARC

LEADER 00000nam a2200000 a 4500
001 UCJ8913
003 CL-VaPUC
008 070126e20050700CL |||||||||||||||||spa|d
020 |a 9561408279 
082 0 4 |a 691  |b SOL  |2 21 
100 0 |a Solminihac Tampier, Hernán de  |e author  |9 518701 
700 0 |a Thenoux Z., Guillermo  |e author  |9 518702 
245 1 0 |a Procesos y técnicas de construcción 
250 |a 4a. ed 
300 |a 545 p 
942 |c BK 
945 |d 20070126 00:00:00  |a cmena 
260 |a Santiago  |b Universidad Católica de Chile  |c 2005 
650 0 |a Construcción  |9 260195 
650 0 |a Materiales de construcción  |9 260197 
650 0 |a Proyectos de inversión   |9 261065 
650 0 |a Gestión de proyectos  |9 260970 
650 7 |a TECNOLOGIA DE LA CONSTRUCCION  |2 CL-VaPUC  |9 260196 
583 |a last modification  |c 20070126 00:00:00  |k Rodrigo Vera 
490 0 |a Lecciones 
999 |c 324557  |d 324555 
952 |0 0  |1 0  |2 ddc  |4 0  |6 691_000000000000000_SOL_2005  |7 0  |8 A  |9 404818  |a BIBING  |b BIBING  |c RES  |d 2019-11-22  |i 4320778  |l 7  |o 691 SOL 2005  |p 4320778  |r 2025-01-20  |s 2024-04-16  |w 2019-11-22  |y BK  |k CIC